油画入门 (Record no. 52745)

000 -LEADER
fixed length control field 00534nam a22001817a 4500
003 - CONTROL NUMBER IDENTIFIER
control field MPLRDC
005 - DATE AND TIME OF LATEST TRANSACTION
control field 20220104152146.0
008 - FIXED-LENGTH DATA ELEMENTS--GENERAL INFORMATION
fixed length control field 210129b ||||| |||| 00| 0 eng d
020 ## - INTERNATIONAL STANDARD BOOK NUMBER
International Standard Book Number 7-5410-0033-7
082 ## - DEWEY DECIMAL CLASSIFICATION NUMBER
Classification number 948.5 BTXE
100 ## - MAIN ENTRY--PERSONAL NAME
Personal name 诺曼巴特希尔、克利福特贝利、丹尼斯弗斯特、彼得吉尔曼著
245 ## - TITLE STATEMENT
Title 油画入门
Statement of responsibility, etc. 吕澎、李高强译
250 ## - EDITION STATEMENT
Edition statement 一版一刷
260 ## - PUBLICATION, DISTRIBUTION, ETC.
Place of publication, distribution, etc.
Name of publisher, distributor, etc. 四川美术出版社
Date of publication, distribution, etc. 1987
300 ## - PHYSICAL DESCRIPTION
Other physical details
650 ## - SUBJECT ADDED ENTRY--TOPICAL TERM
Topical term or geographic name entry element 各种西洋画法--油画
942 ## - ADDED ENTRY ELEMENTS (KOHA)
Koha item type Book
-- 948.5 BTXE
Holdings
Withdrawn status Lost status Source of classification or shelving scheme Damaged status Not for loan Collection code Home library Current library Shelving location Date acquired Cost, normal purchase price Total Checkouts Full call number Barcode Date last seen Date last checked out Price effective from Koha item type Public note
            Malaysian Public Library, Research and Development Centre Malaysian Public Library, Research and Development Centre   10/12/2007 3.00   948.5 BTXE 00052926 18/03/2021 10/12/2007 18/03/2021 Book mplrdc

© 2022. Malaysian Public Library, Research and Development Centre. All Right ReservedE-mailmplrdc@help.edu.my 

Powered by Koha